000 01106nam a2200337 a 4500
001 43215
003 BD-RjUL
005 20211209053650.0
008 160620s1959 mau b 001 0 eng
035 _a(OCoLC)ocm01014297
035 _a(BD-RjUL)43333
035 _a(NNC)2758120
040 _aDLC
_cITD
_dOCL
_dZCU
_beng
041 _aeng
082 _a378
_bJAI 1959
099 _a378
_aJ312
100 1 _aJaspers, Karl,
_d1883-1969.
_9128698
245 1 4 _aThe idea of the university /
_c Karl, Jaspers ; Edited by Karl W. Deutsch. Pref. by Robert Ulich ; Translated by H. A. T. Reiche and H. F. Vanderschmidt.
260 _aBoston :
_bBeacon Press,
_c1959
300 _axxi, 135 p. ;
_c21 cm.
490 1 _aSeeds-of-thought series
504 _aBibliographical footnotes. and index
650 0 _aUniversities and colleges.
_9132730
700 _aDeutsch, Karl W.
_9132731
700 _aUlich, Robert
_9132732
700 _aReiche, H. A. T.
_9132733
700 _a Vanderschmidt., H. F.
_9132734
830 0 _aSeeds-of-thought series.
_9132735
942 _2ddc
_cBK
999 _c43215
_d43215